00763nam a2200229Ia 450000500170000000800410001702000150005804100080007308200150008110000300009624500750012625000220020130000390022365000300026265000450029265000340033726400390037133600270041033700330043733800280047004000350049820220316235700.0121119s1991 ck a gr 000 0 spa  a95805056750 aspa042411 bM64O1 aMojica Ramírez, Gonzalo10aOrtografía básicacGonzalo Mojica R. ; ilustración, Jaime Romero aPrimera edición a96 páginasbilustracionesc27 cm14aEspañolxAlfabeto2LEMB14aOrtografíaxEnseñanza primaria2LEMB14aEspañolxOrtografía2LEMB aBogotábEducar Editoresc[1991?] atextobtxt2rdacontent asin mediaciónbn2rdamedia avolumenbnc2rdacarrier aCO-BoRNBPbspaerdacCO-BoRNBP